| 000 | 00356nam a2200133Ia 4500 | ||
|---|---|---|---|
| 008 | 240624s9999 xx 000 0 und d | ||
| 041 | _aeng | ||
| 082 | _a658.456 AXE | ||
| 100 | _aDICK | ||
| 245 | _aLET S STOP MEETING LIKE THIS TOOLS TO SA | ||
| 260 |
_c2014 _aSan Francisco _bBerrett-Koehler Publishers |
||
| 300 | _axii, 173 p.; 21 cm. | ||
| 365 |
_c _b38 |
||
| 999 |
_c29276 _d29276 |
||